Sports Quiz

Random Sports or Year Quiz

NBA Team by Championship Years Quiz Stats

 Plays Quiz Updated Jun 8, 2018

Challenge
Share
Tweet
Embed
Score 0/30 Timer 05:00
22 Plays Today
% Correct
Charlotte Hornets
86.3%
Cleveland Cavaliers
84.5%
Boston Celtics
84.4%
Chicago Bulls
84.3%
Miami Heat
82.9%
Golden State Warriors
82.9%
Los Angeles Lakers
81.9%
San Antonio Spurs
81.5%
Dallas Mavericks
79.2%
Memphis Grizzlies
78.4%
Brooklyn Nets
77.8%
Detroit Pistons
77.6%
New Orleans Pelicans
76%
Houston Rockets
74.7%
Los Angeles Clippers
74.5%
% Correct
Toronto Raptors
74.1%
Denver Nuggets
73.8%
Minnesota Timberwolves
73.7%
Orlando Magic
69.4%
Utah Jazz
68.4%
Indiana Pacers
64.6%
Phoenix Suns
64.3%
Philadelphia 76ers
53.4%
New York Knicks
50.5%
Milwaukee Bucks
43%
Portland Trail Blazers
41.7%
Atlanta Hawks
40.7%
Oklahoma City Thunder
33.2%
Sacramento Kings
29%
Washington Wizards
28.3%

You're not logged in!

Compare scores with friends on all Sporcle quizzes.
OR
Log In

You Might Also Like...

Show Comments

Extras

Top Quizzes Today


Score Distribution

Your Account Isn't Verified!

In order to create a playlist on Sporcle, you need to verify the email address you used during registration. Go to your Sporcle Settings to finish the process.

Report this User

Report this user for behavior that violates our Community Guidelines.

Details: